000 02404nam0a2200421 4500
001 RU\NLR\BIBL_A\012071788
005 20191007161526.0
010 _a978-5-9208-0592-8
_9300
021 _aRU
_bКН-П-19-048576
_9КН-П-19-3532
035 _a(NLR Aleph) 012071788
035 _a(RuMoRGB)010026901
090 _a11759752
_c11759752
100 _a20190808d2019 k y0rusy50 ca
101 0 _arus
102 _aRU
105 _ac|||z|||010zy
200 1 _aДинамическая поэтика / поэтическая динамика
_eсборник статей к юбилею Дины Махмудовны Магомедовой
_fИнститут мировой литературы им. А.М. Горького, Российская академия наук, Российский государственный гуманитарный университет, Институт филологии и истории
_g[сост. и ред.: В.Б. Зусева-Озкан, В.Я. Малкина]
210 _aМосква
_cИМЛИ РАН
_d2019
215 _a358 с., [1] л. портр.
_d22
320 _aБиблиогр. в примеч. в конце ст.
320 _aСписок науч. тр. Д.М. Магомедовой: с. 325-348
600 1 _aМагомедова
_bД. М.
_gДина Махмудовна
_f1949
_2nlr_sh2
_3RU\NLR\AUTH\6601662735
606 1 _aРусская литература
_jСборники
_2nlr_sh1
_2nlr_sh2
_3RU\NLR\AUTH\6678541
606 1 _aЗарубежная литература
_jСборники
_2nlr_sh1
_2nlr_sh2
_3RU\NLR\AUTH\66177861
686 1 _aШ5(2=Р)я434
686 1 _aШ5(0)я434
686 2 _aШ4г(2)7дМагомедова
702 1 _aЗусева-Озкан
_bВ. Б.
_cканд. филол. наук, литературовед
_gВероника Борисовна
_3RU\NLR\AUTH\77113375
_4220
702 1 _aМагомедова
_bД.М.
_f1949-
_gДина Махмудовна
712 0 2 _aИнститут мировой литературы им. А. М. Горького
_cМосква
_3RU\NLR\AUTH\889978472
_4475
942 _cBOOK
980 _aNBR
980 _aNB